[Event "Ambalangoda Dhamso op 6th"]
[White "Gunarathna, Dilshan Akila"]
[Black "Lamahewa, S."]
[Site "Ambalangoda"]
[Round "5"]
[Result "1/2-1/2"]
[Date "2016.05.01"]
[WhiteElo "1551"]
[BlackElo "1818"]
[PlyCount "64"]
[EventDate "2016.04.29"]
[EventType "swiss"]
[EventRounds "9"]
[EventCountry "SRI"]
[SourceTitle "EXT 2017"]
[Source "ChessBase"]
[SourceDate "2016.10.25"]
[SourceVersion "1"]
[SourceVersionDate "2016.10.25"]
[SourceQuality "1"]

1. e4 c5 2. g3 Nc6 3. Bg2 g6 4. d3 Bg7 5. f4 d6 6. Nf3 Nf6 7. 0-0 0-0 8. c3 d5 9. e5 Ng4 10. d4 cxd4 11. Nxd4 Qb6 12. h3 Nh6 13. Kh2 Nxd4 14. Qxd4 Qxd4 15. cxd4 e6 16. Rd1 Nf5 17. g4 Ne7 18. Nd2 Bd7 19. Bf1 Rfc8 20. Bd3 Rc7 21. Nf3 Bf8 22. Bd2 Nc6 23. Rdc1 Rac8 24. a3 Nb8 25. Rxc7 Rxc7 26. Rc1 Rxc1 27. Bxc1 Ba4 28. Kg2 Be7 29. f5 Nc6 30. Bd2 Bd8 31. Kf2 Bb6 32. Bc3 Bd1 1/2-1/2

[Event "Ambalangoda Dhamso op 6th"]
[White "Thiyasara, KT Thisen"]
[Black "Gunarathna, Dilshan Akila"]
[Site "Ambalangoda"]
[Round "4"]
[Result "1/2-1/2"]
[Date "2016.04.30"]
[WhiteElo "1765"]
[BlackElo "1551"]
[PlyCount "79"]
[EventDate "2016.04.29"]
[EventType "swiss"]
[EventRounds "9"]
[EventCountry "SRI"]
[SourceTitle "EXT 2017"]
[Source "ChessBase"]
[SourceDate "2016.10.25"]
[SourceVersion "1"]
[SourceVersionDate "2016.10.25"]
[SourceQuality "1"]

1. d4 e6 2. c4 f5 3. Nf3 Nf6 4. g3 c6 5. Bg2 d5 6. Qc2 Bd6 7. 0-0 0-0 8. Nc3 Ne4 9. Ne1 Nd7 10. f3 Nxc3 11. bxc3 dxc4 12. e4 Nb6 13. a4 c5 14. a5 Nd7 15. Qa4 fxe4 16. fxe4 Rxf1+ 17. Bxf1 cxd4 18. cxd4 e5 19. Qxc4+ Kh8 20. d5 Nf6 21. Be3 Bg4 22. Bg2 Bh5 23. Nd3 Ng4 24. Bf2 Nxf2 25. Nxf2 b6 26. Nd3 Be2 27. a6 Bxd3 28. Qxd3 Rc8 29. Qb3 Rc5 30. Rf1 Qc8 31. Rf7 Rc7 32. Qf3 Rxf7 33. Qxf7 b5 34. Bf1 b4 35. Qe6 Qb8 36. Bc4 h6 37. Kg2 Bc5 38. Qf7 Bd6 39. Qe6 Bc5 40. Qf7 1/2-1/2